Managerial Marketing for Industrial Firms /

Enregistré dans:
Détails bibliographiques
Auteurs principaux: Ames, B.Charles (Auteur), Hlavacek, James D (Auteur)
Format: Livre
Langue:anglais
Publié: New York : Random House, 1984
Tags: Ajouter un tag
Pas de tags, Soyez le premier à ajouter un tag!

MARC

LEADER 00000nam a22000003a 4500
001 stu21913
005 20150617225750.1
008 931129s1984----xxu-----------------eng-d
020 |a 0-394-33583-X 
040 |a STU  |b slo 
041 0 |a eng 
044 |a xxu 
080 |a 339.138  |7 stu_us_auth*stu8219 
100 1 |a Ames, B.Charles  |4 aut 
245 1 |a Managerial Marketing for Industrial Firms /  |c [aut.]Ames,B.Charles, Hlavacek,James D 
260 |a New York :  |b Random House,  |c 1984 
300 |a 560 s :  |b Obr.,tab.,grafy,index 
700 1 |a Hlavacek, James D  |4 aut 
996 |b C92211  |c C*92211  |l CCXIV  |s P  |a 0  |w stu21913_0001